00984nmm a2200253 a 4500003000900000005001700009008004100026040001300067100002000080245017100100260007200271300003200343500003300375650003400408650002900442650004400471650002000515650002300535700003800558700003700596700002100633700003800654700003800692AR-BaBNM20251128202749.0127019s1940 ||||||||||||||000 | spa|| cAR-BaBNM1 aLevene, Ricardo10aHistoria de la provincia de Buenos Aires y formación de sus pueblosbsíntesis sobre la historia de la provincia de Buenos Aires desde los orígenes hasta 1910n1 aLa PlatabArchivo Histórico de la Provincia de Buenos Airesc19400 a548 p.bmapas, il., láms.0 aContiene índice p. 539-548 4aHISTORIA PROVINCIAL ARGENTINA 4aHISTORIA DE BUENOS AIRES 4aESTUDIO DE LA PROVINCIA DE BUENOS AIRES 4aHISTORIA SOCIAL 4aHISTORIA ECONOMICA1 aSalvadores, Antoninoecolaborador1 aMarfany, Roberto H.ecolaborador1 aarba, Enrique M.1 aLázaro, Juan F. deecolaborador1 aSors de Tricerri, G.ecolaborador